[Event "Kieler Open 2016-A"]
[Site "Kiel"]
[Date "2016.08.05"]
[Round "9.35"]
[White "Wenske, Hardy"]
[Black "Werner, René"]
[Result "0-1"]
[WhiteElo "1823"]
[BlackElo "1885"]
[PlyCount "126"]

1. Nf3 c5 2. e3 Nf6 3. d4 cxd4 4. exd4 d5 5. Bd3 Nc6 6. c3 e6 7. Nbd2 Bd6 8.
O-O O-O 9. Re1 Qc7 10. h3 Bd7 11. Nf1 h6 12. Bd2 Rfe8 13. Qc1 Kf8 14. Qc2 Rac8
15. Rac1 Qb8 16. Qb1 b5 17. a3 Na5 18. Ne5 Nc4 19. Bf4 Bc6 20. Nxc6 Rxc6 21.
Bxd6+ Qxd6 22. Qc2 Rb8 23. Nd2 Qc7 24. Nf3 Nd7 25. Qe2 a5 26. Ne5 Ndxe5 27.
dxe5 Rcb6 28. g3 Rc6 29. Bxc4 bxc4 30. Qc2 Kg8 31. Qd2 Rcb6 32. Rc2 Rb3 33. Re2
Qb6 34. Kg2 Rd8 35. Qd4 Qxd4 36. cxd4 Rd3 37. Red2 Rb3 38. h4 Rc8 39. Kf1 c3
40. Re2 Rxb2 41. Rxb2 cxb2 42. Rxb2 Rc4 43. Rd2 Rc3 44. Ke2 Rxa3 45. Rd3 Ra4
46. Ke3 Rb4 47. Ra3 a4 48. Kd3 Kf8 49. Kc3 Rc4+ 50. Kd3 Ke7 51. Rc3 Rxc3+ 52.
Kxc3 g5 53. hxg5 hxg5 54. Kb4 f6 55. Kxa4 fxe5 56. dxe5 g4 57. Kb4 Kf7 58. Kc5
Kg6 59. Kd4 Kf5 60. Ke3 Kxe5 61. f4+ gxf3 62. Kxf3 Kf5 63. g4+ Kg5 0-1

[Event "Kieler Open 2016-A"]
[Site "Kiel"]
[Date "2016.08.05"]
[Round "9.36"]
[White "Riha, Peter"]
[Black "Priemer, Siegfried"]
[Result "0-1"]
[WhiteElo "1743"]
[BlackElo "1883"]
[PlyCount "112"]

1. d4 Nf6 2. c4 e6 3. Nf3 b6 4. g3 Bb7 5. Bg2 Be7 6. O-O O-O 7. Nc3 d6 8. Qc2
Nbd7 9. Rd1 Qc8 10. Bh3 Bxf3 11. exf3 c6 12. Qe2 d5 13. cxd5 cxd5 14. Bf4 a6
15. Bf1 Qb7 16. Rac1 Rfc8 17. Rc2 b5 18. Rdc1 Nb6 19. b3 Ba3 20. Rd1 Rc6 21.
Bc1 Bd6 22. Bb2 Rac8 23. Rdc1 Qc7 24. a3 Nbd7 25. Qd2 Nb8 26. Bd3 Qe7 27. Ne2
Bxa3 28. Rxc6 Nxc6 29. Ra1 Bxb2 30. Qxb2 Nb8 31. Kg2 Rc6 32. Kg1 Qc7 33. Kg2
Qb6 34. Qa2 g6 35. Kf1 Kg7 36. Kg2 Ne8 37. Kf1 Nd6 38. Kg2 Nf5 39. Qb2 Qc7 40.
Kg1 Qc8 41. Kg2 Ne7 42. Kg1 Rc7 43. Kg2 Nec6 44. Rc1 Nb4 45. Rxc7 Qxc7 46. Bb1
N8c6 47. f4 Qb6 48. Kf1 Ne7 49. Qc3 Nbc6 50. g4 Qa5 51. Qb2 Qb4 52. f3 a5 53.
Bc2 Qd2 54. Qc3 Qxc3 55. Nxc3 Nxd4 56. Bd3 b4 0-1

[Event "Kieler Open 2016-A"]
[Site "Kiel"]
[Date "2016.08.05"]
[Round "9.37"]
[White "Rohmann, Volker"]
[Black "Saß, Patrick"]
[Result "1/2-1/2"]
[WhiteElo "1820"]
[BlackElo "1841"]
[PlyCount "97"]

1. e4 c5 2. Nf3 e6 3. d4 cxd4 4. Nxd4 Nf6 5. Bd3 Nc6 6. Nb3 d5 7. exd5 Nxd5 8.
O-O g6 9. Qe2 Bg7 10. c3 O-O 11. Na3 Qe7 12. Nc2 b6 13. Be3 Nxe3 14. Nxe3 Bb7
15. Rad1 Rad8 16. Bb5 Rxd1 17. Rxd1 Rd8 18. g3 Ne5 19. Rxd8+ Qxd8 20. Nd4 Nd7
21. Qd2 Nc5 22. Nb3 Qxd2 23. Nxd2 Ne4 24. Nxe4 Bxe4 25. Kf1 Kf8 26. Ke2 Ke7 27.
Bd3 Bb7 28. f4 f6 29. Ng4 g5 30. Ke3 Kd6 31. Nf2 f5 32. Bc2 Bc8 33. Nd3 e5 34.
fxe5+ Bxe5 35. Nxe5 Kxe5 36. Bd1 f4+ 37. gxf4+ gxf4+ 38. Kf2 Be6 39. a3 Bf5 40.
Bf3 a5 41. Bc6 Be4 42. Be8 Kd5 43. Bf7+ Kc5 44. b4+ axb4 45. axb4+ Kb5 46. Bb3
Kc6 47. Bf7 Kd6 48. Bc4 Ke5 49. Bf7 1/2-1/2

[Event "Kieler Open 2016-A"]
[Site "Kiel"]
[Date "2016.08.05"]
[Round "9.38"]
[White "Schramm, Daniel"]
[Black "Keyser, Robin"]
[Result "1/2-1/2"]
[WhiteElo "1988"]
[BlackElo "1925"]
[PlyCount "87"]

1. c4 Nf6 2. g3 c5 3. Bg2 g6 4. Nc3 Bg7 5. d3 O-O 6. Rb1 Nc6 7. a3 Ne8 8. e3
Nc7 9. Nge2 Rb8 10. O-O b5 11. b3 bxc4 12. bxc4 Rxb1 13. Nxb1 Bb7 14. Qd2 Qa8
15. Bb2 Bxb2 16. Qxb2 Rb8 17. Nbc3 Nd4 18. Rb1 Nc6 19. Nd5 Nxd5 20. Bxd5 Bc8
21. Qc2 Rxb1+ 22. Qxb1 Qb8 23. Qb5 Qxb5 24. cxb5 Nd8 25. d4 e6 26. Bg2 cxd4 27.
Nxd4 Bb7 28. a4 Bxg2 29. Kxg2 Nb7 30. Nb3 Nd6 31. Nc5 Kf8 32. Nxd7+ Ke7 33. Ne5
Nc8 34. Nc4 Nb6 35. Ne5 Nxa4 36. Nc6+ Kd6 37. Nxa7 Kc5 38. Kf3 Nc3 39. Nc6 Nxb5
40. Ne5 Nd6 41. Nd7+ Kc6 42. Nf6 h5 43. h4 Kc7 44. Ne4 1/2-1/2

[Event "Kieler Open 2016-A"]
[Site "Kiel"]
[Date "2016.08.05"]
[Round "9.39"]
[White "Rommeck, Christiane"]
[Black "Millgramm, Stephan"]
[Result "0-1"]
[WhiteElo "1558"]
[BlackElo "1800"]
[PlyCount "60"]

1. e4 e6 2. d4 d5 3. exd5 exd5 4. Nf3 Nf6 5. Bd3 Be7 6. O-O O-O 7. Nc3 Bg4 8.
Re1 Nc6 9. Be2 Re8 10. Ne5 Bxe2 11. Rxe2 Bd6 12. Bf4 Re6 13. Nb5 Qe8 14. Qd3 a6
15. Nc3 Nxe5 16. dxe5 Bxe5 17. Bxe5 Rxe5 18. Rae1 Rxe2 19. Rxe2 Qd7 20. Rd2 Re8
21. h3 c6 22. Ne2 Ne4 23. Rd1 Qe6 24. Nd4 Qf6 25. f3 Nd6 26. b3 Qe5 27. c3 Qe3+
28. Qxe3 Rxe3 29. Kf2 Rxc3 30. Re1 Kf8 0-1